Contes de la Bécasse / (Record no. 159185)

MARC details
000 -LEADER
campo de control de longitud fija 00600nam a2200181 i 4500
001 - NÚMERO DE CONTROL
campo de control 159185
003 - IDENTIFICADOR DE NÚMERO DE CONTROL
campo de control ES-MaACL
005 - FECHA Y HORA DE LA ÚLTIMA TRANSACCIÓN
campo de control 20240516063100.0
008 - DATOS DE LONGITUD FIJA--INFORMACIÓN GENERAL
campo de control de longitud fija 000719s1900 fr |||| | fre d
040 ## - FUENTE DE CATALOGACIÓN
Centro catalogador/agencia de origen CCPB | B
Lengua de catalogación spa
Centro/agencia transcriptor CCPB | B
100 1# - ENTRADA PRINCIPAL--NOMBRE DE PERSONA
Nombre de persona Maupassant, Guy de,
Fechas asociadas al nombre 1850-1893
9 (RLIN) 79214
245 10 - MENCIÓN DEL TÍTULO
Título Contes de la Bécasse /
Mención de responsabilidad, etc. Guy de Maupassant.
250 ## - MENCION DE EDICION
Mención de edición Nouvelle éd. rev.
260 ## - PUBLICACIÓN, DISTRIBUCIÓN, ETC.
Lugar de publicación, distribución, etc. Paris :
Nombre del editor, distribuidor, etc. Librairie Paul Ollendorff,
Fecha de publicación, distribución, etc. 1900 (
Fabricante Typ. Chamerot et Renouard)
300 ## - DESCRIPCIÓN FÍSICA
Extensión 299 p. ;
Dimensiones 18 cm.
852 ## - LOCALIZACIÓN
Ubicación ES-MaACL
Número de control de estantería B-3221
Nota libre -- Enc. pasta española
Holdings
Estatus retirado Estado de pérdida Estado de daño No para préstamo Colección Biblioteca de origen Biblioteca actual Ubicación en estantería Fecha de adquisición Fuente de adquisición Total de préstamos Signatura topográfica completa Código de barras Visto por última vez Precio de reemplazo Tipo de ítem Koha
        Libros del s. XIX Biblioteca del Ateneo de Madrid Biblioteca del Ateneo de Madrid Sala Pardo Bazán 17/01/2008     B-3221 1166643 23/02/2023 23/02/2023 Libro impreso antiguo